000 00545nam a2200205 a 4500
005 20140311163006.0
008 040908s19uu xx 00 eng d
020 _a0672325845
050 _aQA 76.73.S67
_b.W45 2004
100 _aWelling, Luke
245 _aMySQL tutorial /
_c Luke Welling.
260 _aU.S.A :
_bSams Publishing,
_c2004.
300 _a267 p. :
_c25 cm.
500 _aIncludes index.
521 _aIT
650 _aComputer programming language.
700 _aThomson, Laura
942 _cBK
_2lcc
_kFOR
999 _c39320
_d39320